[Event "Torneo B"]
[Site "Formia ITA"]
[Date "1995.07.??"]
[Round "?"]
[White "Auletta, Angelo"]
[Black "Mordiglia, Riccardo"]
[Result "1/2-1/2"]
[WhiteElo "2230"]
[BlackElo "2015"]
[PlyCount "120"]
[EventDate "1995.07.20"]

1. e4 e5 2. Nf3 d6 3. Bc4 Be7 4. d4 exd4 5. Nxd4 Nf6 6. Nc3 O-O 7. O-O Nc6 8.
Bb3 Nxd4 9. Qxd4 Be6 10. Bf4 Nd7 11. Nd5 Bf6 12. Nxf6+ Qxf6 13. Qxf6 Nxf6 14.
Rfe1 Rfe8 15. f3 Nd7 16. Ba4 a6 17. c3 Red8 18. Bc2 Ne5 19. Bg3 g5 20. h4 h6
21. b3 b5 22. a4 Kg7 23. Red1 Ng6 24. hxg5 hxg5 25. b4 Ne5 26. Bf2 Bc4 27. Bd4
f6 28. Kf2 Rh8 29. Rh1 Rxh1 30. Rxh1 Rc8 31. axb5 Bxb5 32. Bb3 c5 33. bxc5 dxc5
34. Bxe5 fxe5 35. Bd5 c4 36. Ke3 Rc7 37. Ra1 Kf6 38. Rh1 Kg7 39. Rh5 Kg6 40.
Rh8 Ra7 41. Kd2 Rh7 42. Rg8+ Rg7 43. Rc8 Rh7 44. Bxc4 Bxc4 45. Rxc4 Rh2 46.
Rc6+ Kf7 47. Rxa6 Rxg2+ 48. Ke3 g4 49. fxg4 Rg3+ 50. Kd2 Rxg4 51. Kd3 Rg3+ 52.
Kc4 Re3 53. Kd5 Rxc3 54. Kxe5 Rc7 55. Kd6 Re7 56. Ra4 Re6+ 57. Kd5 Kf6 58. Rc4
Re5+ 59. Kd4 Re6 60. Rc7 Rd6+ 1/2-1/2

[Event "Torneo B"]
[Site "Formia ITA"]
[Date "1995.07.??"]
[Round "?"]
[White "Auletta, Angelo"]
[Black "Stoll, Thomas"]
[Result "1-0"]
[WhiteElo "2230"]
[BlackElo "1950"]
[PlyCount "43"]
[EventDate "1995.07.20"]

1. e4 g6 2. d4 Bg7 3. Nc3 c6 4. Bc4 d6 5. Nf3 Nf6 6. h3 O-O 7. Bb3 b5 8. e5
Nfd7 9. e6 fxe6 10. Bxe6+ Kh8 11. O-O Rf6 12. Ng5 Nb6 13. Nce4 Rf8 14. Qg4 Qe8
15. Nxh7 Bxe6 16. Qh4 Kg8 17. Nhg5 Rf6 18. Qh7+ Kf8 19. Nxe6+ Rxe6 20. Bh6 Qf7
21. Qh8+ Qg8 22. Bxg7+ 1-0

[Event "Torneo B"]
[Site "Formia ITA"]
[Date "1995.07.??"]
[Round "?"]
[White "Bellincampi, Stefano"]
[Black "D'Amore, Emanuele"]
[Result "0-1"]
[WhiteElo "2060"]
[BlackElo "1992"]
[PlyCount "128"]
[EventDate "1995.07.20"]

1. e4 e6 2. Qe2 c5 3. Nf3 Nc6 4. g3 g6 5. Bg2 Bg7 6. O-O Nge7 7. d3 O-O 8. h4
d6 9. c3 Rb8 10. Rd1 Qc7 11. d4 cxd4 12. Bg5 dxc3 13. Nxc3 Bxc3 14. bxc3 f6 15.
Bf4 e5 16. Bh6 Rf7 17. Qd2 Bg4 18. Qxd6 Qxd6 19. Rxd6 Nc8 20. Rd3 Rd7 21. Rad1
Rxd3 22. Rxd3 Nb6 23. Ne1 Be6 24. a3 Kf7 25. Bc1 Bb3 26. Bh3 Be6 27. Bxe6+ Kxe6
28. f3 Nc4 29. Nc2 a5 30. Kf2 Rd8 31. Ke2 b5 32. Rxd8 Nxd8 33. Ne3 Nxe3 34.
Kxe3 Kd6 35. Kd3 Ne6 36. Be3 Nc5+ 37. Kc2 Kc6 38. Bh6 f5 39. Bg7 fxe4 40. fxe4
Nxe4 41. Bxe5 Kd5 42. Bc7 Kc4 43. Bxa5 Nxg3 44. Bc7 Nf5 45. Bd8 Ne3+ 46. Kb2
Nd1+ 47. Kc2 Nxc3 48. Bf6 Ne4 49. Bg7 Nd6 50. Bf6 Nf7 51. Be7 h6 52. Bf6 g5 53.
hxg5 Nxg5 54. Be7 Nf3 55. Kb2 h5 56. a4 bxa4 57. Ka3 Kb5 58. Bd8 h4 59. Bxh4
Nxh4 60. Kb2 Kb4 61. Ka2 Nf3 62. Kb2 a3+ 63. Ka2 Nd4 64. Ka1 Kb3 0-1

[Event "Torneo B"]
[Site "Formia ITA"]
[Date "1995.07.??"]
[Round "?"]
[White "Bellincampi, Stefano"]
[Black "Della Ragione, Achille"]
[Result "0-1"]
[WhiteElo "2060"]
[BlackElo "2142"]
[PlyCount "134"]
[EventDate "1995.07.20"]

1. e4 d5 2. exd5 Nf6 3. c4 c6 4. Nc3 cxd5 5. d4 e6 6. Bg5 Be7 7. Rc1 O-O 8. Nf3
Re8 9. Bd3 Nbd7 10. O-O dxc4 11. Bxc4 Nb6 12. Bd3 Nbd5 13. Bb1 b6 14. Re1 Bb7
15. a3 Rc8 16. Qd3 g6 17. Ne5 Nxc3 18. bxc3 Bxa3 19. Rc2 Be7 20. Qh3 Rf8 21.
Bh6 Be4 22. Bxf8 Bxf8 23. Rcc1 Bxb1 24. Rxb1 Qc7 25. Qf3 Bg7 26. Rec1 Ne8 27.
Nd3 Nd6 28. Qf4 Qd7 29. Ne5 Qd8 30. h3 Bf6 31. Rc2 Nf5 32. Rd1 Bg5 33. Qf3 Bf6
34. Ra1 Nxd4 35. Qb7 Bxe5 36. Rxa7 Rc7 37. Ra8 Rxb7 38. Rxd8+ Kg7 39. cxd4 Bf6
40. Rd6 b5 41. Rb2 Kf8 42. Kf1 Ke7 43. Rc6 Bxd4 44. Rb3 Kd7 45. Rc1 e5 46. Ke2
Kd6 47. Rcb1 Kc5 48. Rc1+ Kd5 49. Rcb1 Kc4 50. Rb4+ Kc5 51. f3 Bc3 52. Re4 b4
53. Re3 Rd7 54. Rd3 Ra7 55. Ke3 Kc4 56. Rd8 Bd4+ 57. Ke2 Ra2+ 58. Kd1 Bc3 59.
Rd7 Rxg2 60. Rc7+ Kd3 61. Rd7+ Bd4 62. Rb3+ Kc4 63. Rb1 Rg1+ 64. Kc2 b3+ 65.
Rxb3 Rg2+ 66. Kd1 Kxb3 67. Rxf7 Kc3 0-1

[Event "Torneo B"]
[Site "Formia ITA"]
[Date "1995.07.??"]
[Round "?"]
[White "Bellincampi, Stefano"]
[Black "Fuggetta, Leonardo"]
[Result "1-0"]
[WhiteElo "2060"]
[BlackElo "2115"]
[PlyCount "80"]
[EventDate "1995.07.20"]

1. e4 g6 2. d4 Bg7 3. c4 d6 4. Nc3 Nf6 5. f3 O-O 6. Bg5 Nbd7 7. Qd2 c6 8. Nge2
e5 9. g4 exd4 10. Nxd4 Ne5 11. Be2 h6 12. Be3 Nh7 13. O-O-O c5 14. Nc2 Be6 15.
Nd5 Bxd5 16. exd5 Qb6 17. Na3 Qb4 18. Bxh6 Qxd2+ 19. Bxd2 a6 20. f4 Nd7 21. Bd3
Rfb8 22. Nb1 b5 23. Bc3 bxc4 24. Bxc4 Nhf6 25. Be2 Nb6 26. Bf3 Na4 27. Nd2 Nxc3
28. bxc3 Rb5 29. Nc4 Ne8 30. Kc2 Rab8 31. Rhe1 Kf8 32. Re2 Bh6 33. g5 Bg7 34.
Rde1 Rd8 35. Re7 Rbb8 36. Ra7 Ra8 37. Ree7 Bh8 38. Rxf7+ Kg8 39. Be4 Ng7 40.
Bxg6 Rf8 1-0

[Event "Torneo B"]
[Site "Formia ITA"]
[Date "1995.07.??"]
[Round "?"]
[White "Bellincampi, Stefano"]
[Black "Sannino, Raffaele"]
[Result "0-1"]
[WhiteElo "2060"]
[BlackElo "1906"]
[PlyCount "66"]
[EventDate "1995.07.20"]

1. e4 g6 2. d4 Bg7 3. c3 d6 4. Nf3 Nd7 5. Bd3 c5 6. O-O Ngf6 7. Qe2 O-O 8. a4
Qc7 9. Na3 a6 10. Be3 b6 11. Nd2 Bb7 12. f3 Nh5 13. Rfd1 e6 14. Bc2 Rad8 15.
dxc5 bxc5 16. Nb3 Ne5 17. Rd2 Rd7 18. Rad1 Rfd8 19. f4 Nc6 20. Nc4 Bf8 21. Qf2
d5 22. exd5 exd5 23. Na3 d4 24. cxd4 cxd4 25. Nxd4 Nxd4 26. Rxd4 Rxd4 27. Rxd4
Rxd4 28. Bxd4 Nxf4 29. Bd1 Qc1 30. Qe1 Nxg2 31. Qe5 Qxd1+ 32. Kf2 Qd2+ 33. Kg3
Qe1+ 0-1

[Event "Torneo B"]
[Site "Formia ITA"]
[Date "1995.07.??"]
[Round "?"]
[White "Castrogiovanni, Carlo"]
[Black "Accardo, Francesco"]
[Result "1-0"]
[WhiteElo "1929"]
[BlackElo "1898"]
[PlyCount "69"]
[EventDate "1995.07.20"]

1. d4 b5 2. e4 Bb7 3. Bd3 e6 4. Be3 Nf6 5. f3 a6 6. Ne2 Be7 7. O-O d6 8. a4 b4
9. c3 Nc6 10. a5 O-O 11. Nd2 Rb8 12. Qa4 d5 13. e5 Nd7 14. Rfc1 bxc3 15. bxc3
Na7 16. c4 Bc6 17. Qc2 dxc4 18. Bxh7+ Kh8 19. Nxc4 Bg5 20. Be4 Bb5 21. Qd2 Bh4
22. g3 Be7 23. Nf4 c5 24. Qg2 g6 25. Bxg6 fxg6 26. Qh3+ Bh4 27. Nxg6+ Kg7 28.
Nxf8 Nxf8 29. Qxh4 Qxh4 30. gxh4 cxd4 31. Bxd4 Ng6 32. Bxa7 Rg8 33. Nd6 Be2 34.
Rc7+ Kh6 35. Kf2 1-0

[Event "Torneo B"]
[Site "Formia ITA"]
[Date "1995.07.??"]
[Round "?"]
[White "Castrogiovanni, Carlo"]
[Black "Doric, Nenad"]
[Result "1/2-1/2"]
[WhiteElo "1929"]
[BlackElo "2245"]
[PlyCount "116"]
[EventDate "1995.07.20"]

1. d4 d5 2. c4 c6 3. Nf3 Nf6 4. Nc3 e6 5. cxd5 exd5 6. Bg5 Be7 7. e3 Bf5 8. Bd3
Bxd3 9. Qxd3 Nbd7 10. O-O O-O 11. Rab1 a5 12. Rfc1 Re8 13. Ne1 Ne4 14. Bxe7
Qxe7 15. Nc2 Qh4 16. Nxe4 dxe4 17. Qf1 Re6 18. b4 Rh6 19. h3 a4 20. b5 c5 21.
dxc5 Nxc5 22. Nb4 Qg5 23. Kh1 Rd6 24. Rd1 Rad8 25. Rbc1 Nd3 26. Nxd3 Rxd3 27.
Rb1 Qd5 28. Rdc1 Qxa2 29. Ra1 Qb3 30. Rcb1 Qc4 31. f3 g6 32. Rc1 Qxb5 33. fxe4
Qd7 34. Qf4 b5 35. Rc7 Rd1+ 36. Rxd1 Qxd1+ 37. Kh2 Qd6 38. Rb7 Qxf4+ 39. exf4
Rd4 40. Rxb5 Rxe4 41. Kg3 a3 42. Ra5 Re3+ 43. Kg4 Kg7 44. f5 Rb3 45. fxg6 hxg6
46. Ra6 Kh6 47. g3 f6 48. h4 f5+ 49. Kf4 Rb4+ 50. Kf3 Rb3+ 51. Kf4 Rc3 52. Ra7
Rd3 53. Ra8 Kg7 54. Ra7+ Kf6 55. Ra4 Kg7 56. g4 a2 57. Ra7+ Kg8 58. gxf5 gxf5
1/2-1/2

[Event "Torneo B"]
[Site "Formia ITA"]
[Date "1995.07.??"]
[Round "?"]
[White "Castrogiovanni, Carlo"]
[Black "Fuggetta, Leonardo"]
[Result "1-0"]
[WhiteElo "1929"]
[BlackElo "2115"]
[PlyCount "107"]
[EventDate "1995.07.20"]

1. d4 g6 2. e4 Bg7 3. Be3 c6 4. c4 d6 5. Bd3 e5 6. Ne2 Nf6 7. f3 O-O 8. Nbc3
Re8 9. d5 Na6 10. Qd2 Nc7 11. O-O c5 12. a3 a5 13. b3 Bd7 14. Qb2 Rb8 15. b4
axb4 16. axb4 b5 17. cxb5 Bxb5 18. Bxb5 Nxb5 19. bxc5 Nd4 20. Qa2 dxc5 21. Rab1
Qd7 22. Qc4 Rec8 23. Rxb8 Rxb8 24. Qxc5 Rc8 25. Qb6 Nxe2+ 26. Nxe2 Ne8 27. Rc1
Nd6 28. Rxc8+ Nxc8 29. Qb8 f6 30. Kf2 Bf8 31. Nc3 Bd6 32. Qb5 Qxb5 33. Nxb5 Kf7
34. Ke2 Ke8 35. Kd3 Kd7 36. Kc4 f5 37. Bc5 fxe4 38. fxe4 Bxc5 39. Kxc5 Ne7 40.
d6 Ng8 41. Kd5 Nf6+ 42. Kxe5 Ng4+ 43. Kf4 Nxh2 44. e5 Nf1 45. Nc3 Nd2 46. Ne4
Nc4 47. Nf6+ Ke6 48. d7 g5+ 49. Ke4 Ke7 50. e6 Nd6+ 51. Ke5 Nb7 52. Nxh7 g4 53.
Ng5 Nd8 54. Kf4 1-0

[Event "Torneo B"]
[Site "Formia ITA"]
[Date "1995.07.??"]
[Round "?"]
[White "Castrogiovanni, Carlo"]
[Black "Sannino, Raffaele"]
[Result "1-0"]
[WhiteElo "1929"]
[BlackElo "1906"]
[PlyCount "63"]
[EventDate "1995.07.20"]

1. d4 g6 2. e4 Bg7 3. c3 Nf6 4. Bd3 O-O 5. Ne2 d5 6. e5 Nfd7 7. Be3 c5 8. Qd2
Re8 9. Na3 a6 10. Ng3 Nc6 11. Nc2 b5 12. Bh6 Bh8 13. h4 Ndxe5 14. dxe5 Nxe5 15.
h5 Nxd3+ 16. Qxd3 e5 17. hxg6 hxg6 18. O-O-O Be6 19. Qd2 b4 20. Bf8 Qf6 21.
Bxc5 bxc3 22. bxc3 Rec8 23. Be3 Qd8 24. Bg5 f6 25. Qd3 Bf7 26. Nf5 gxf5 27.
Rxh8+ Kxh8 28. Qh3+ Kg8 29. Rh1 Kf8 30. Qh8+ Bg8 31. Rh7 Rc7 32. Bh6+ 1-0

[Event "Torneo B"]
[Site "Formia ITA"]
[Date "1995.07.??"]
[Round "?"]
[White "Castrogiovanni, Carlo"]
[Black "Stoll, Thomas"]
[Result "0-1"]
[WhiteElo "1929"]
[BlackElo "1950"]
[PlyCount "82"]
[EventDate "1995.07.20"]

1. d4 g6 2. e4 Bg7 3. c3 d5 4. e5 c5 5. Bd3 Nc6 6. Ne2 cxd4 7. cxd4 Qb6 8. Nbc3
e6 9. Nb5 Bf8 10. O-O a6 11. Nbc3 Bd7 12. Be3 f6 13. exf6 Nxf6 14. Re1 Bd6 15.
Bg5 O-O 16. Bc2 Ng4 17. h3 Bh2+ 18. Kh1 Nxf2+ 19. Kxh2 Nxd1 20. Raxd1 Qc7+ 21.
Kg1 b5 22. Bb3 Kg7 23. Rf1 Rf5 24. Bf4 Qa7 25. g4 Rxf4 26. Rxf4 b4 27. Nxd5
exd5 28. Bxd5 Rf8 29. Rxf8 Kxf8 30. Rf1+ Ke8 31. Rf4 Qc7 32. Rf6 Nxd4 33. Nxd4
Qg3+ 34. Bg2 Qe3+ 35. Rf2 Qxd4 36. Bf3 Ke7 37. Kg2 Kf6 38. Re2 Kg5 39. Re7 Qd2+
40. Re2 Qd6 41. Re1 Kh4 0-1

[Event "Torneo B"]
[Site "Formia ITA"]
[Date "1995.07.??"]
[Round "?"]
[White "Coppini, Giorgio"]
[Black "Gagliardi, Pietro"]
[Result "1-0"]
[WhiteElo "2210"]
[BlackElo "2180"]
[PlyCount "91"]
[EventDate "1995.07.20"]

1. e4 c6 2. d3 d5 3. Nd2 g6 4. Ngf3 Bg7 5. g3 e5 6. Qe2 d4 7. Bg2 Ne7 8. O-O c5
9. Ne1 O-O 10. f4 Nbc6 11. Nef3 f6 12. Nb3 Qd6 13. Nh4 Bd7 14. f5 Be8 15. fxg6
hxg6 16. a3 a5 17. Nf3 Bf7 18. Bd2 a4 19. Nc1 b5 20. h4 Be6 21. Kh1 b4 22. Nh2
bxa3 23. bxa3 Rab8 24. Qd1 Rb2 25. c4 dxc3 26. Bxc3 Bb3 27. Qe1 Rc2 28. Rf2 Nd4
29. Rb1 Rxf2 30. Qxf2 Nec6 31. Nf3 Rb8 32. Nd2 Be6 33. Ne2 Rxb1+ 34. Nxb1 Nb3
35. Qf3 Qd7 36. Bf1 Bg4 37. Qe3 Kh7 38. Ng1 Bh6 39. Qf2 Kg7 40. Bd2 Nxd2 41.
Nxd2 Nd4 42. Nc4 Qb5 43. Qe1 Qb3 44. Qa5 Be6 45. Qxc5 Be3 46. Nxe3 1-0

[Event "Torneo B"]
[Site "Formia ITA"]
[Date "1995.07.??"]
[Round "?"]
[White "Coppini, Giorgio"]
[Black "Isonzo, David"]
[Result "1/2-1/2"]
[WhiteElo "2210"]
[BlackElo "2190"]
[PlyCount "35"]
[EventDate "1995.07.20"]

1. e4 c5 2. Nf3 e6 3. d3 d5 4. Nbd2 Nf6 5. g3 Nc6 6. Bg2 Be7 7. O-O O-O 8. e5
Nd7 9. Re1 Qc7 10. Qe2 b5 11. h4 a5 12. Nf1 Nd4 13. Nxd4 cxd4 14. Bf4 Ra6 15.
Nh2 Rc6 16. Rac1 Qb6 17. Ng4 Ba6 18. Bg5 1/2-1/2

[Event "Torneo B"]
[Site "Formia ITA"]
[Date "1995.07.??"]
[Round "?"]
[White "Coppini, Giorgio"]
[Black "Vismara, Daniele"]
[Result "1-0"]
[WhiteElo "2210"]
[BlackElo "2254"]
[PlyCount "45"]
[EventDate "1995.07.20"]

1. e4 c5 2. Nf3 Nc6 3. Bb5 g6 4. Bxc6 bxc6 5. O-O Bg7 6. d3 e5 7. Be3 d6 8. c3
Nf6 9. d4 exd4 10. cxd4 Nxe4 11. Qa4 Bd7 12. dxc5 d5 13. Nc3 Nxc3 14. bxc3 Bxc3
15. Rac1 Bg7 16. Bg5 f6 17. Rfe1+ Kf7 18. Bf4 Re8 19. Nd4 Re4 20. Rxe4 dxe4 21.
Qc4+ Ke8 22. Qg8+ Bf8 23. Bd6 1-0

[Event "Torneo B"]
[Site "Formia ITA"]
[Date "1995.07.??"]
[Round "?"]
[White "Coppini, Giorgio"]
[Black "Zinani, Alessandro"]
[Result "1/2-1/2"]
[WhiteElo "2210"]
[BlackElo "2100"]
[PlyCount "28"]
[EventDate "1995.07.20"]

1. e4 c6 2. d4 d5 3. Nd2 dxe4 4. Nxe4 Nf6 5. Nxf6+ exf6 6. c3 Bf5 7. Bc4 Bd6 8.
Qe2+ Qe7 9. Qxe7+ Kxe7 10. Ne2 Re8 11. O-O Nd7 12. Re1 Kf8 13. Bf4 Bxf4 14.
Nxf4 Nb6 1/2-1/2

[Event "Torneo B"]
[Site "Formia ITA"]
[Date "1995.07.??"]
[Round "?"]
[White "D'Amore, Emanuele"]
[Black "Auletta, Angelo"]
[Result "1-0"]
[WhiteElo "1992"]
[BlackElo "2230"]
[PlyCount "73"]
[EventDate "1995.07.20"]

1. e4 c5 2. Nf3 e6 3. d4 cxd4 4. Nxd4 Nf6 5. Nc3 d6 6. Bc4 a6 7. Bb3 Be7 8. Be3
b5 9. f3 Qc7 10. a4 b4 11. Na2 O-O 12. Qd2 d5 13. exd5 exd5 14. Nxb4 Re8 15.
Nxd5 Nxd5 16. Bxd5 Bg5 17. Be4 Bxe3 18. Qxe3 Kh8 19. Kf2 f5 20. Bxa8 Rxe3 21.
Kxe3 Nd7 22. Rad1 Nb6 23. Bc6 Nc4+ 24. Kf2 Nxb2 25. Rde1 h6 26. Re8+ Kh7 27.
Rhe1 Qb6 28. Rxc8 Qxd4+ 29. Kg3 Nc4 30. Re6 h5 31. h4 Nd6 32. Rd8 Ne4+ 33. Bxe4
Qxd8 34. Bxf5+ Kg8 35. Bg6 Qc7+ 36. f4 Qc3+ 37. Kh2 1-0

[Event "Torneo B"]
[Site "Formia ITA"]
[Date "1995.07.??"]
[Round "?"]
[White "D'Amore, Emanuele"]
[Black "Esposito, Luca"]
[Result "0-1"]
[WhiteElo "1992"]
[BlackElo "2025"]
[PlyCount "42"]
[EventDate "1995.07.20"]

1. e4 c5 2. Nf3 d6 3. d4 cxd4 4. Nxd4 Nf6 5. Nc3 Nc6 6. Bc4 Qb6 7. Ndb5 a6 8.
Be3 Qd8 9. Nd4 Ng4 10. Nxc6 bxc6 11. Bc1 Ne5 12. Be2 e6 13. O-O d5 14. f4 Nd7
15. Be3 Nf6 16. Bf3 Qa5 17. a3 Bc5 18. Bxc5 Qxc5+ 19. Kh1 O-O 20. e5 Nd7 21. b3
Qxc3 0-1

[Event "Torneo B"]
[Site "Formia ITA"]
[Date "1995.07.??"]
[Round "?"]
[White "D'Amore, Emanuele"]
[Black "Ljubisavljevic, Zivojin Z."]
[Result "0-1"]
[WhiteElo "1992"]
[BlackElo "2285"]
[PlyCount "84"]
[EventDate "1995.07.20"]

1. e4 Nc6 2. d4 d6 3. f4 Nf6 4. Nc3 g6 5. Nf3 Bg7 6. Bd3 Bg4 7. Be3 O-O 8. h3
Bxf3 9. Qxf3 e5 10. dxe5 dxe5 11. f5 Nd4 12. Qf2 b5 13. g4 c5 14. g5 c4 15. Bf1
b4 16. gxf6 Bxf6 17. O-O-O bxc3 18. bxc3 Rc8 19. cxd4 Qa5 20. d5 Be7 21. Rd2
Qxa2 22. Kd1 c3 23. Rd3 Rb8 24. Ke2 Qxc2+ 25. Kf3 Qb1 26. Rxc3 Rb2 27. Bd2 Qd1+
28. Qe2 Qxd2 29. Qxd2 Rxd2 30. Rc7 Bb4 31. Rxa7 Rc8 32. Be2 Rc3+ 33. Kf2 Bc5+
34. Ke1 Rxe2+ 35. Kxe2 Bxa7 36. d6 Rc4 37. Rd1 Rxe4+ 38. Kf3 Rd4 39. Rxd4 exd4
40. d7 Bb6 41. f6 Bd8 42. Ke4 Bxf6 0-1

[Event "Torneo B"]
[Site "Formia ITA"]
[Date "1995.07.??"]
[Round "?"]
[White "D'Amore, Emanuele"]
[Black "Mihic, Vladimir"]
[Result "0-1"]
[WhiteElo "1992"]
[BlackElo "2220"]
[PlyCount "116"]
[EventDate "1995.07.20"]

1. e4 e5 2. Nf3 Nc6 3. Bc4 Nf6 4. d3 Bc5 5. Nc3 d6 6. Bg5 h6 7. Bxf6 Qxf6 8.
Nd5 Qd8 9. c3 Be6 10. b4 Bb6 11. a4 a6 12. Nxb6 cxb6 13. O-O O-O 14. Qb3 Bg4
15. Nd2 Qg5 16. f3 Bh3 17. Rf2 Bd7 18. Bd5 Ne7 19. Bxb7 Be6 20. c4 Ra7 21. Bd5
Bxd5 22. cxd5 Qe3 23. Nf1 Qg5 24. Rc2 f5 25. Rac1 fxe4 26. dxe4 Ng6 27. Qe3 Nf4
28. Kh1 Raf7 29. Qd2 h5 30. Rc8 h4 31. Rxf8+ Rxf8 32. Rc3 Rf6 33. Ne3 Nh5 34.
Nc4 Qg6 35. Nxb6 Qxe4 36. Rc8+ Kh7 37. Qc2 Qxc2 38. Rxc2 h3 39. gxh3 Rxf3 40.
Kg2 Rd3 41. Rc6 Nf4+ 42. Kf1 e4 43. Rc4 Rf3+ 44. Ke1 e3 45. Nc8 Ng2+ 46. Ke2
Rf2+ 47. Kd3 Rd2+ 48. Kc3 Rd1 49. Re4 Rc1+ 50. Kd3 Rxc8 51. Rg4 e2 52. Kxe2
Re8+ 53. Kf3 Ne1+ 54. Kf2 Nd3+ 55. Kf3 Rb8 56. b5 axb5 57. Re4 bxa4 58. Rxa4
Rb5 0-1

[Event "Torneo B"]
[Site "Formia ITA"]
[Date "1995.07.??"]
[Round "?"]
[White "D'Amore, Emanuele"]
[Black "Neri, Enzo"]
[Result "1/2-1/2"]
[WhiteElo "1992"]
[BlackElo "2069"]
[PlyCount "72"]
[EventDate "1995.07.20"]

1. e4 e5 2. Nf3 Nf6 3. Nxe5 d6 4. Nf3 Nxe4 5. Qe2 Qe7 6. d3 Nf6 7. Bg5 Nbd7 8.
Nc3 Qxe2+ 9. Bxe2 h6 10. Bd2 c6 11. d4 d5 12. Bd3 Bd6 13. O-O O-O 14. Rfe1 Re8
15. h3 Nf8 16. Ne5 Ne6 17. Ng4 Nxg4 18. hxg4 Bd7 19. Ne2 c5 20. c3 a6 21. f3 b6
22. Kf2 Bb5 23. Bxb5 axb5 24. a3 Ra4 25. Be3 Rea8 26. Rad1 Nc7 27. Bf4 Rd8 28.
g3 b4 29. Bxd6 Rxd6 30. dxc5 bxc5 31. cxb4 cxb4 32. Rd4 Ne6 33. Rxb4 Rxb4 34.
axb4 Rb6 35. Nc3 Rxb4 36. Nxd5 Rxb2+ 1/2-1/2

[Event "Torneo B"]
[Site "Formia ITA"]
[Date "1995.07.??"]
[Round "?"]
[White "Della Ragione, Achille"]
[Black "Gagliardi, Pietro"]
[Result "0-1"]
[WhiteElo "2142"]
[BlackElo "2180"]
[PlyCount "114"]
[EventDate "1995.07.20"]

1. c4 c5 2. g3 Nc6 3. Nc3 g6 4. Bg2 Bg7 5. d3 Nf6 6. e4 d6 7. Nge2 O-O 8. O-O
e5 9. Rb1 Ng4 10. h3 Nh6 11. Be3 f6 12. Qd2 Nf7 13. a3 Nd4 14. f3 Be6 15. b4 b6
16. Nd5 Nxe2+ 17. Qxe2 Bh6 18. f4 Bxd5 19. cxd5 Qd7 20. bxc5 dxc5 21. Kh2 Qa4
22. fxe5 Bxe3 23. e6 Bd4 24. exf7+ Kg7 25. Qa2 Rxf7 26. Qb3 Qd7 27. Qb5 Qd6 28.
Rf3 Be5 29. h4 g5 30. hxg5 fxg5 31. Rxf7+ Kxf7 32. Rf1+ Kg7 33. Qc6 Bxg3+ 34.
Kh3 Rf8 35. Qxd6 Bxd6 36. Kg4 Rxf1 37. Bxf1 Kg6 38. a4 h5+ 39. Kf3 g4+ 40. Ke3
Be5 41. d6 Bxd6 42. d4 cxd4+ 43. Kxd4 Kg5 44. e5 Ba3 45. Ke4 h4 46. e6 h3 47.
Ke5 Kh4 48. Kf4 g3 49. Kf3 g2 50. Bxg2 hxg2 51. Kxg2 Kg5 52. Kf3 Kf6 53. Ke4
Kxe6 54. Kd4 Kd6 55. Kc4 Kc6 56. Kb3 Bf8 57. Kc4 a6 0-1

[Event "Torneo B"]
[Site "Formia ITA"]
[Date "1995.07.??"]
[Round "?"]
[White "Della Ragione, Achille"]
[Black "Liguori, Renato"]
[Result "1/2-1/2"]
[WhiteElo "2142"]
[BlackElo "1888"]
[PlyCount "82"]
[EventDate "1995.07.20"]

1. e4 e6 2. d4 d5 3. Nd2 dxe4 4. Nxe4 Nd7 5. Nf3 Ngf6 6. Nxf6+ Nxf6 7. Bd3 Be7
8. Bg5 O-O 9. Qe2 c5 10. dxc5 Qa5+ 11. c3 Qxc5 12. O-O-O Nd5 13. Bxe7 Nxe7 14.
h4 h6 15. Kb1 Nc6 16. Rhe1 Re8 17. Qe4 f5 18. Qe2 e5 19. Bc4+ Be6 20. Bxe6+
Rxe6 21. Nd4 Rf6 22. Nxc6 Qxc6 23. Qxe5 Qxg2 24. Qd5+ Qxd5 25. Rxd5 Raf8 26. f4
g6 27. Kc2 Kg7 28. b4 R8f7 29. a4 g5 30. hxg5 hxg5 31. fxg5 Rg6 32. Rg1 Re6 33.
Kd3 Kg6 34. a5 f4 35. Rf1 f3 36. Rf2 Re1 37. Kd2 Rg1 38. Re5 Rxg5 39. Re6+ Kh5
40. Ke3 Rgf5 41. Re4 Kg5 1/2-1/2

[Event "Torneo B"]
[Site "Formia ITA"]
[Date "1995.07.??"]
[Round "?"]
[White "Della Ragione, Achille"]
[Black "Milivojevic, Slobodanka"]
[Result "1/2-1/2"]
[WhiteElo "2142"]
[BlackElo "2065"]
[PlyCount "106"]
[EventDate "1995.07.20"]

1. e4 c5 2. c4 Nc6 3. g3 b6 4. Bg2 Bb7 5. Ne2 e6 6. O-O d6 7. Nbc3 Nf6 8. d3 a6
9. Rb1 Be7 10. a3 O-O 11. b4 cxb4 12. axb4 d5 13. exd5 exd5 14. Nxd5 Nxd5 15.
Bxd5 Qd7 16. b5 Ne5 17. Nf4 Rfd8 18. Be3 Bg5 19. bxa6 Rxa6 20. Bxb7 Qxb7 21.
Nd5 Bxe3 22. fxe3 Qd7 23. Rf4 Ng6 24. Rd4 Qe6 25. Qf3 Rd7 26. Re4 Ne5 27. Qf4
f6 28. d4 Rxd5 29. cxd5 Qh3 30. Rxe5 Ra2 31. Re8+ Kf7 32. Re7+ Kxe7 33. Qc7+
Kf8 34. Qd6+ Kf7 35. Qe6+ Qxe6 36. dxe6+ Kxe6 37. Rb5 Re2 38. Rxb6+ Kd5 39. Rb7
g5 40. Rxh7 Rxe3 41. Kf2 Ra3 42. Rf7 Ke6 43. Rf8 Ra2+ 44. Kf3 Rxh2 45. Re8+ Kd5
46. Rd8+ Ke6 47. Kg4 Rf2 48. Kh5 Rf3 49. Kg4 Rd3 50. Re8+ Kf7 51. Rd8 Ke7 52.
Rd5 Ke6 53. Rd8 Ke7 1/2-1/2

[Event "Torneo B"]
[Site "Formia ITA"]
[Date "1995.07.??"]
[Round "?"]
[White "Della Ragione, Achille"]
[Black "Tribuiani, Renato"]
[Result "0-1"]
[WhiteElo "2142"]
[BlackElo "2110"]
[PlyCount "96"]
[EventDate "1995.07.20"]

1. e4 Nc6 2. d4 d5 3. Nc3 e6 4. Nf3 Nf6 5. e5 Ne4 6. Bd3 Bb4 7. Bd2 Nxd2 8.
Qxd2 Bd7 9. a3 Be7 10. O-O b6 11. Ne2 Na5 12. Ng3 Nc4 13. Qc1 c5 14. b3 Na5 15.
dxc5 bxc5 16. Nd2 h5 17. f4 h4 18. Ne2 h3 19. g3 c4 20. bxc4 Bc5+ 21. Kh1 Be3
22. cxd5 Bc6 23. dxc6 Bxd2 24. Be4 Bxc1 25. Raxc1 O-O 26. Rfd1 Qb6 27. Nd4 Rac8
28. Nf3 Rfd8 29. Rf1 g6 30. Ng5 Nxc6 31. Nxh3 Nd4 32. Nf2 Ne2 33. Rb1 Qa5 34.
Ng4 Nc3 35. Nf6+ Kg7 36. Bd3 Nxb1 37. Rxb1 Rxd3 38. cxd3 Qd2 39. Rg1 Rc1 40.
Rxc1 Qxc1+ 41. Kg2 Qxa3 42. h4 Qb2+ 43. Kf3 a5 44. Kg4 a4 45. Kg5 a3 46. g4 a2
47. h5 gxh5 48. Nxh5+ Kf8 0-1

[Event "Torneo B"]
[Site "Formia ITA"]
[Date "1995.07.??"]
[Round "?"]
[White "Doric, Nenad"]
[Black "Coppini, Giorgio"]
[Result "1/2-1/2"]
[WhiteElo "2245"]
[BlackElo "2210"]
[PlyCount "32"]
[EventDate "1995.07.20"]

1. e4 d6 2. d4 Nf6 3. Nc3 g6 4. g3 Bg7 5. Bg2 O-O 6. Nge2 Nbd7 7. h3 c5 8. O-O
cxd4 9. Nxd4 a6 10. a4 Nc5 11. Be3 Bd7 12. a5 Rc8 13. Nde2 Bc6 14. e5 dxe5 15.
Bxc5 Bxg2 16. Bxe7 Qxe7 1/2-1/2

[Event "Torneo B"]
[Site "Formia ITA"]
[Date "1995.07.??"]
[Round "?"]
[White "Doric, Nenad"]
[Black "D'Amore, Emanuele"]
[Result "1/2-1/2"]
[WhiteElo "2245"]
[BlackElo "1992"]
[PlyCount "81"]
[EventDate "1995.07.20"]

1. e4 e6 2. d4 d5 3. Nd2 Nf6 4. e5 Nfd7 5. Bd3 c5 6. c3 Nc6 7. Ne2 cxd4 8. cxd4
f6 9. Nf4 Nxd4 10. Qh5+ Ke7 11. exf6+ Nxf6 12. Ng6+ hxg6 13. Qxh8 Kf7 14. O-O
e5 15. Nf3 Nxf3+ 16. gxf3 Nh5 17. Bxg6+ Kxg6 18. Kh1 Qh4 19. Qxf8 Qh3 20. Rg1+
Kh7 21. Qa3 Bf5 22. Rg2 d4 23. Bd2 d3 24. Qe7 Qxf3 25. Qxe5 Bh3 26. Qg5 Rf8 27.
Rag1 Bxg2+ 28. Qxg2 Qxf2 29. Qg6+ Kg8 30. Qxh5 Qxd2 31. Qd5+ Kh8 32. Qxb7 Qh6
33. Qd5 d2 34. Rd1 Rf2 35. Qd8+ Kh7 36. Qd3+ Kh8 37. Qd8+ Kh7 38. Qd3+ Kh8 39.
Qd8+ Kh7 40. Qd3+ Kg8 41. Qd5+ 1/2-1/2

[Event "Torneo B"]
[Site "Formia ITA"]
[Date "1995.07.??"]
[Round "?"]
[White "Doric, Nenad"]
[Black "Mihalj, Miroslav M."]
[Result "0-1"]
[WhiteElo "2245"]
[BlackElo "2240"]
[PlyCount "76"]
[EventDate "1995.07.20"]

1. e4 c5 2. Nf3 Nf6 3. e5 Nd5 4. Nc3 e6 5. Nxd5 exd5 6. d4 Nc6 7. dxc5 Bxc5 8.
Qxd5 d6 9. exd6 Qb6 10. Qe4+ Be6 11. Bc4 Bxf2+ 12. Ke2 O-O 13. Bxe6 Rae8 14.
Ng5 Rxe6 15. Nxe6 Re8 16. Rf1 Rxe6 17. Qxe6 fxe6 18. Rxf2 Qb5+ 19. Kd2 Qc5 20.
Ke2 Qh5+ 21. Ke1 Qe5+ 22. Kd1 Qxd6+ 23. Bd2 Qd4 24. Ke2 Qxb2 25. Re1 Qb5+ 26.
Kd1 Qb1+ 27. Ke2 Qxa2 28. Kf1 a5 29. Kg1 Qc4 30. Bc1 e5 31. Ba3 h6 32. Re3 b5
33. Bf8 Nd4 34. Rxe5 Ne6 35. Be7 a4 36. h4 Nd4 37. Rc5 Qe6 38. Bd8 Qe1+ 0-1